[Event "24th Klatovy B 2016"]
[Site "Klatovy CZE"]
[Date "2016.07.07"]
[Round "6.9"]
[White "Berka, Lubos"]
[Black "Macho, Miloslav"]
[Result "1/2-1/2"]
[WhiteElo "1787"]
[BlackElo "1675"]
[PlyCount "107"]
[EventDate "2016.07.02"]
[EventType "swiss"]
[EventRounds "9"]
[EventCountry "CZE"]

1. e4 e5 2. Nc3 Bc5 3. Bc4 d6 4. d3 Nc6 5. Nge2 Bg4 6. h3 Qh4 7. g3 Qh5 8. Qd2 Nge7 9. Qg5 Qxg5 10. Bxg5 Bf3 11. Rg1 f6 12. Be3 Nd4 13. Bxd4 exd4 14. Na4 Bb4+ 15. c3 dxc3 16. Naxc3 d5 17. exd5 Nxd5 18. Bxd5 Bxd5 19. a3 Bxc3+ 20. bxc3 O-O-O 21. f4 Be6 22. d4 Rde8 23. g4 Bc4 24. Rg2 Re3 25. Kd2 Rd3+ 26. Kc2 Rxh3 27. Ng3 Re8 28. Rh1 Rxh1 29. Nxh1 Re1 30. Rh2 h6 31. Kb2 Re4 32. Rf2 Re6 33. g5 Rb6+ 34. Kc2 hxg5 35. fxg5 fxg5 36. Rf5 Rg6 37. Ng3 g4 38. Rc5 Be6 39. Re5 Bd7 40. d5 Rh6 41. Re7 g6 42. Rf7 Bf5+ 43. Nxf5 gxf5 44. Rxf5 Rg6 45. Rf2 g3 46. Rg2 Rg5 47. Kb3 Kd7 48. c4 Kd6 49. Kb4 a5+ 50. Kb5 Rg4 51. a4 c6+ 52. dxc6 bxc6+ 53. Kb6 Rxc4 54. Rxg3 1/2-1/2

[Event "24th Klatovy B 2016"]
[Site "Klatovy CZE"]
[Date "2016.07.07"]
[Round "6.10"]
[White "Rychtecky, Pavel"]
[Black "Kasik, Miroslav"]
[Result "1/2-1/2"]
[WhiteElo "1546"]
[BlackElo "1768"]
[PlyCount "26"]
[EventDate "2016.07.02"]
[EventType "swiss"]
[EventRounds "9"]
[EventCountry "CZE"]

1. e4 d5 2. exd5 Qxd5 3. Nc3 Qa5 4. d4 c6 5. Nf3 Bg4 6. Be2 Nf6 7. O-O e6 8. Ne5 Bxe2 9. Qxe2 Qd8 10. Be3 Be7 11. a3 Nbd7 12. f4 g6 13. g4 Qc7 1/2-1/2

[Event "24th Klatovy B 2016"]
[Site "Klatovy CZE"]
[Date "2016.07.07"]
[Round "6.11"]
[White "Kubat, Martin"]
[Black "Vachal, Josef1"]
[Result "1/2-1/2"]
[WhiteElo "1709"]
[BlackElo "1957"]
[PlyCount "50"]
[EventDate "2016.07.02"]
[EventType "swiss"]
[EventRounds "9"]
[EventCountry "CZE"]

1. e4 e6 2. d4 d5 3. exd5 exd5 4. Bd3 Bd6 5. Nf3 Ne7 6. O-O O-O 7. Bg5 f6 8. Be3 Bf5 9. c3 Nbc6 10. Re1 Qd7 11. Qc2 Rae8 12. Nbd2 Bxd3 13. Qxd3 Nf5 14. Nf1 Re7 15. Ng3 Nxe3 16. Rxe3 Rxe3 17. Qxe3 Re8 18. Qd2 Bxg3 19. hxg3 Re4 20. Re1 Qe6 21. Rxe4 Qxe4 22. Qe1 Qxe1+ 23. Nxe1 Kf7 24. Nd3 b6 25. f3 Ne7 1/2-1/2

[Event "24th Klatovy B 2016"]
[Site "Klatovy CZE"]
[Date "2016.07.07"]
[Round "6.12"]
[White "Simacek, Vaclav"]
[Black "Pucholt, Martin"]
[Result "0-1"]
[WhiteElo "1876"]
[BlackElo "1641"]
[PlyCount "114"]
[EventDate "2016.07.02"]
[EventType "swiss"]
[EventRounds "9"]
[EventCountry "CZE"]

1. e4 c5 2. b4 cxb4 3. Nf3 e6 4. a3 Nf6 5. e5 Nd5 6. axb4 Bxb4 7. c3 Be7 8. Na3 d6 9. Nb5 dxe5 10. Nxe5 a6 11. Bd3 Nf6 12. Qf3 O-O 13. O-O Nbd7 14. Nc4 Nc5 15. Bc2 Rb8 16. Qg3 axb5 17. Qxb8 bxc4 18. Ra8 Bd6 19. Qa7 Na6 20. Qd4 Qc7 21. h3 Nd5 22. Qh4 f5 23. d4 Nb6 24. Rxc8 Qxc8 25. g4 Qd8 26. Bg5 Qc7 27. gxf5 exf5 28. Re1 Qd7 29. Qh5 Qf7 30. Qe2 Qg6 31. Qe6+ Qxe6 32. Rxe6 Nc8 33. Ba4 Nc7 34. Re1 b5 35. Bc2 g6 36. Kf1 Nb6 37. Rb1 Nbd5 38. Bd2 Ra8 39. Bd1 Ra3 40. Rc1 Bf4 41. Ke1 Bxd2+ 42. Kxd2 Ra2+ 43. Ke1 Nf4 44. Rb1 Nxh3 45. Be2 Ra7 46. Bf3 Nf4 47. Bc6 Ra5 48. Kf1 Nfd5 49. Rc1 Ra3 50. Re1 Rxc3 51. Re5 Nb6 52. Re7 Nba8 53. d5 Rd3 54. Rd7 c3 55. d6 c2 56. dxc7 c1=Q+ 57. Kg2 Qxc6+ 0-1

[Event "24th Klatovy B 2016"]
[Site "Klatovy CZE"]
[Date "2016.07.07"]
[Round "6.13"]
[White "Micka, Norbert"]
[Black "Schille, Hannes"]
[Result "1-0"]
[WhiteElo "1848"]
[BlackElo "1629"]
[PlyCount "47"]
[EventDate "2016.07.02"]
[EventType "swiss"]
[EventRounds "9"]
[EventCountry "CZE"]

1. Nf3 d5 2. d4 g6 3. c4 dxc4 4. e3 Bg7 5. Bxc4 Nf6 6. O-O O-O 7. Nc3 b6 8. Qe2 Bb7 9. e4 e6 10. Rd1 c6 11. a4 Qc7 12. Bg5 Nbd7 13. Rac1 Rac8 14. e5 Nd5 15. Bxd5 cxd5 16. Nxd5 Qb8 17. Ne7+ Kh8 18. Nxc8 Rxc8 19. Rxc8+ Bxc8 20. Rc1 h6 21. Be7 Bb7 22. Bd6 Qe8 23. Rc7 Bd5 24. Qc2 1-0

[Event "24th Klatovy B 2016"]
[Site "Klatovy CZE"]
[Date "2016.07.07"]
[Round "6.14"]
[White "Lener, Jaroslav 1975"]
[Black "Vavrinkova, Jitka"]
[Result "1/2-1/2"]
[WhiteElo "1820"]
[BlackElo "1625"]
[PlyCount "43"]
[EventDate "2016.07.02"]
[EventType "swiss"]
[EventRounds "9"]
[EventCountry "CZE"]

1. Nf3 d5 2. d4 Nf6 3. Bg5 Ne4 4. Bf4 Bf5 5. e3 e6 6. Nbd2 Bd6 7. Nxe4 Bxe4 8. Bxd6 cxd6 9. Bb5+ Nc6 10. O-O O-O 11. Bd3 Nb4 12. Bxe4 dxe4 13. Nd2 d5 14. a3 Nc6 15. b3 e5 16. dxe5 Nxe5 17. Qh5 f5 18. Qe2 Rc8 19. f4 Ng4 20. h3 Nf6 21. Rac1 Qd6 22. b4 1/2-1/2

[Event "24th Klatovy B 2016"]
[Site "Klatovy CZE"]
[Date "2016.07.07"]
[Round "6.15"]
[White "Stankova, Zuzana 1986"]
[Black "Rezac, Jindrich"]
[Result "0-1"]
[WhiteElo "1673"]
[BlackElo "1799"]
[PlyCount "53"]
[EventDate "2016.07.02"]
[EventType "swiss"]
[EventRounds "9"]
[EventCountry "CZE"]

1. e4 c5 2. Nc3 Nc6 3. f4 e6 4. Nf3 d5 5. Bb5 Nge7 6. O-O d4 7. Nb1 a6 8. Be2 Ng6 9. d3 b5 10. Qe1 Be7 11. Qg3 Qc7 12. Ne5 Ncxe5 13. fxe5 Qxe5 14. Qf2 O-O 15. Nd2 Qc7 16. a4 Bb7 17. axb5 axb5 18. Rxa8 Bxa8 19. Nf3 f5 20. exf5 Rxf5 21. Qe1 Qc6 22. Qg3 Bd6 23. Qg4 Nf4 24. Nxd4 cxd4 25. Bf3 Qxc2 26. Bxf4 Bxf4 27. Bxa8 0-1

[Event "24th Klatovy B 2016"]
[Site "Klatovy CZE"]
[Date "2016.07.07"]
[Round "6.16"]
[White "Sprenar, Petr"]
[Black "Nemec, Frantisek 1985"]
[Result "1-0"]
[WhiteElo "1798"]
[BlackElo "1614"]
[PlyCount "36"]
[EventDate "2016.07.02"]
[EventType "swiss"]
[EventRounds "9"]
[EventCountry "CZE"]

1. d4 Nf6 2. c4 e6 3. Nf3 b6 4. e3 Bb7 5. Be2 Be7 6. O-O O-O 7. Nc3 d5 8. cxd5 Nxd5 9. Bd2 c5 10. Nxd5 Qxd5 11. dxc5 Bxc5 12. Bc3 Qd8 13. Ng5 Qxg5 14. Bf3 Rd8 15. Qxd8+ Qxd8 16. Bxb7 Na6 17. Bxa6 f6 18. Rfd1 Qc7 1-0

[Event "24th Klatovy B 2016"]
[Site "Klatovy CZE"]
[Date "2016.07.07"]
[Round "6.17"]
[White "Stross, Frantisek 1952"]
[Black "Parpel, Petr"]
[Result "0-1"]
[WhiteElo "1652"]
[BlackElo "1787"]
[PlyCount "106"]
[EventDate "2016.07.02"]
[EventType "swiss"]
[EventRounds "9"]
[EventCountry "CZE"]

1. e4 c5 2. Nf3 d6 3. Nc3 e6 4. Bc4 Nf6 5. d3 Nc6 6. O-O Be7 7. a3 a6 8. h3 O-O 9. Nd2 b5 10. Ba2 Bb7 11. f4 Qc7 12. Nf3 Nd4 13. Nxd4 cxd4 14. Ne2 e5 15. f5 d5 16. exd5 Bxd5 17. Bxd5 Nxd5 18. Ng3 Rac8 19. Qf3 Nf6 20. Rf2 Qc6 21. Qe2 Rfe8 22. Bg5 Nd5 23. Bxe7 Rxe7 24. Ne4 f6 25. Rc1 Rec7 26. Kh2 Qd7 27. b4 Nc3 28. Qh5 Nxe4 29. dxe4 Rc3 30. Qg4 Rxa3 31. Qd1 Qc6 32. Rf3 Rxf3 33. Qxf3 Qc3 34. Qd1 Qxb4 35. Ra1 Qc3 36. Rxa6 Qxc2 37. Qxc2 Rxc2 38. Ra1 b4 39. Rb1 Rc4 40. Rb3 Kf7 41. Kg1 g6 42. g4 gxf5 43. gxf5 Ke7 44. Rg3 d3 45. Rxd3 Rxe4 46. Kg2 Rf4 47. Rb3 Kd6 48. Kg3 Kc5 49. Rd3 Kc4 50. Rd6 Rxf5 51. Rc6+ Kd5 52. Rb6 Rf4 53. Rb7 Kc4 0-1

[Event "24th Klatovy B 2016"]
[Site "Klatovy CZE"]
[Date "2016.07.07"]
[Round "6.18"]
[White "Ostry, Michal"]
[Black "Bartos, Karel"]
[Result "1-0"]
[WhiteElo "1644"]
[BlackElo "1784"]
[PlyCount "65"]
[EventDate "2016.07.02"]
[EventType "swiss"]
[EventRounds "9"]
[EventCountry "CZE"]

1. e4 c5 2. Nc3 d6 3. g3 Nf6 4. Bg2 g6 5. d3 Bg7 6. Be3 Nc6 7. Qd2 Bd7 8. Bh6 O-O 9. Bxg7 Kxg7 10. Nge2 a6 11. O-O Rc8 12. f4 b5 13. h3 b4 14. Nd1 Qc7 15. c3 a5 16. Ne3 e6 17. Rf2 Ne7 18. Raf1 d5 19. e5 Nfg8 20. g4 bxc3 21. bxc3 Rb8 22. Ng3 Nh6 23. f5 gxf5 24. Nexf5+ Nhxf5 25. Qg5+ Ng6 26. gxf5 Qxe5 27. Re2 Qxc3 28. fxg6 f5 29. Nxf5+ Rxf5 30. Rxf5 exf5 31. Re7+ Kh8 32. g7+ Kg8 33. Bxd5+ 1-0

[Event "24th Klatovy B 2016"]
[Site "Klatovy CZE"]
[Date "2016.07.07"]
[Round "6.19"]
[White "Kaspar, Lukas"]
[Black "Novotny, David"]
[Result "1/2-1/2"]
[WhiteElo "1634"]
[BlackElo "1758"]
[PlyCount "60"]
[EventDate "2016.07.02"]
[EventType "swiss"]
[EventRounds "9"]
[EventCountry "CZE"]

1. e4 Nf6 2. e5 Nd5 3. d4 d6 4. exd6 cxd6 5. Bd3 Nc6 6. c3 g6 7. Nf3 Bg7 8. O-O O-O 9. Nbd2 Nf4 10. Bc2 e5 11. Nb3 Qf6 12. Be3 Bg4 13. d5 Nh3+ 14. Kh1 Bxf3 15. Qxf3 Qxf3 16. gxf3 Ne7 17. Kg2 Nf4+ 18. Bxf4 exf4 19. Rad1 b6 20. Nc1 g5 21. Ne2 Rfe8 22. Ba4 Rec8 23. Bc2 Rc5 24. Rd2 Re8 25. Rfd1 Rxd5 26. Rxd5 Nxd5 27. Kf1 Nc7 28. Rxd6 Re7 29. Rd8+ Bf8 30. Nd4 Ne6 1/2-1/2

[Event "24th Klatovy B 2016"]
[Site "Klatovy CZE"]
[Date "2016.07.07"]
[Round "6.20"]
[White "Cipera, Josef"]
[Black "Repa, Vaclav"]
[Result "1-0"]
[WhiteElo "1756"]
[BlackElo "1577"]
[PlyCount "95"]
[EventDate "2016.07.02"]
[EventType "swiss"]
[EventRounds "9"]
[EventCountry "CZE"]

1. e4 c5 2. f4 d6 3. Nf3 a6 4. a4 g6 5. Bc4 Bg4 6. h3 Bxf3 7. Qxf3 Nc6 8. c3 Bg7 9. O-O e6 10. d3 Nge7 11. Be3 Qd7 12. Nd2 Na5 13. Ra2 O-O 14. Rd1 b5 15. axb5 axb5 16. Bb3 Nxb3 17. Rxa8 Rxa8 18. Nxb3 Ra2 19. Rb1 Nc6 20. Qd1 b4 21. Nc1 Ra8 22. d4 bxc3 23. bxc3 cxd4 24. cxd4 Ra3 25. Bf2 d5 26. e5 Bf8 27. Nd3 Be7 28. Qc2 Nd8 29. Nc5 Qa7 30. Rb3 Bxc5 31. dxc5 Qa4 32. Rc3 Ra1+ 33. Kh2 Qxf4+ 34. g3 Qxe5 35. c6 Qc7 36. Qb2 Ra6 37. Qc2 Rxc6 38. Rxc6 Qxc6 39. Qb2 Qb7 40. Qf6 Nc6 41. Be3 Qe7 42. Qa1 Qf8 43. Qc1 d4 44. Bh6 Qe8 45. Qf4 f5 46. Qc7 Ne7 47. Qe5 Qf7 48. Qb8+ 1-0

[Event "24th Klatovy B 2016"]
[Site "Klatovy CZE"]
[Date "2016.07.07"]
[Round "6.21"]
[White "Vartazaryan, Gor"]
[Black "Sova, Zdenek"]
[Result "1-0"]
[WhiteElo "1620"]
[BlackElo "1747"]
[PlyCount "61"]
[EventDate "2016.07.02"]
[EventType "swiss"]
[EventRounds "9"]
[EventCountry "CZE"]

1. e4 c5 2. Nf3 e6 3. d4 cxd4 4. Nxd4 a6 5. Bd3 Qc7 6. Nc3 Nf6 7. O-O Nc6 8. Be3 Ne5 9. f4 Nxd3 10. cxd3 d6 11. Rc1 Qd8 12. Kh1 e5 13. fxe5 dxe5 14. Nf3 Bd6 15. Bg5 h6 16. Bh4 g5 17. Nxg5 hxg5 18. Bxg5 Be7 19. Bxf6 Bxf6 20. Nd5 Bg7 21. Nc7+ Kf8 22. Nxa8 Bd7 23. Qf3 f5 24. Nc7 f4 25. g3 Rh3 26. Qf2 Bh6 27. gxf4 Bxf4 28. Nd5 Bg4 29. Nxf4 Bf3+ 30. Qxf3 Rxf3 31. Ne6+ 1-0

[Event "24th Klatovy B 2016"]
[Site "Klatovy CZE"]
[Date "2016.07.07"]
[Round "6.22"]
[White "Flajsman, Pavel"]
[Black "Kovar, Vaclav 1953"]
[Result "1-0"]
[WhiteElo "1522"]
[BlackElo "1730"]
[PlyCount "47"]
[EventDate "2016.07.02"]
[EventType "swiss"]
[EventRounds "9"]
[EventCountry "CZE"]

1. e4 e5 2. Nc3 d6 3. g3 Nf6 4. Bg2 Be7 5. Nge2 Nc6 6. O-O Be6 7. Nd5 O-O 8. b3 Bg4 9. f3 Be6 10. c4 a5 11. Bb2 Qd7 12. d4 Bd8 13. Nxf6+ Bxf6 14. d5 Bh3 15. dxc6 bxc6 16. f4 Bxg2 17. Kxg2 Qe7 18. f5 Rfd8 19. Nc3 Bg5 20. Qe2 d5 21. exd5 cxd5 22. Nxd5 Qc5 23. Qxe5 f6 24. Nxf6+ 1-0

[Event "24th Klatovy B 2016"]
[Site "Klatovy CZE"]
[Date "2016.07.07"]
[Round "6.23"]
[White "Sroub, Jaroslav"]
[Black "Flajsman, Petr"]
[Result "1/2-1/2"]
[WhiteElo "1730"]
[BlackElo "1529"]
[PlyCount "44"]
[EventDate "2016.07.02"]
[EventType "swiss"]
[EventRounds "9"]
[EventCountry "CZE"]

1. d3 c5 2. Nf3 e6 3. e4 d5 4. exd5 exd5 5. Be2 Nf6 6. Bg5 Be6 7. O-O Be7 8. d4 c4 9. c3 Nc6 10. Nbd2 h6 11. Bh4 Bd6 12. Re1 Qd7 13. Bg3 Bxg3 14. hxg3 O-O-O 15. b3 cxb3 16. axb3 h5 17. b4 Ng4 18. b5 Na5 19. Ne5 Nxe5 20. dxe5 h4 21. Nf1 Rh6 22. Bg4 Rdh8 1/2-1/2

[Event "24th Klatovy B 2016"]
[Site "Klatovy CZE"]
[Date "2016.07.07"]
[Round "6.24"]
[White "Kubat, Zbynek"]
[Black "Zak, Jiri1"]
[Result "1-0"]
[WhiteElo "1629"]
[BlackElo "1717"]
[PlyCount "59"]
[EventDate "2016.07.02"]
[EventType "swiss"]
[EventRounds "9"]
[EventCountry "CZE"]

1. e4 c5 2. d4 cxd4 3. c3 dxc3 4. Nxc3 a6 5. Bc4 Nc6 6. Nf3 e6 7. O-O h6 8. Re1 Bc5 9. Be3 Bxe3 10. Rxe3 Nge7 11. a3 O-O 12. Nd4 Qb6 13. Nxc6 dxc6 14. Qe2 Qc7 15. Rg3 b5 16. Bd3 e5 17. Qe3 Ng6 18. Qc5 Ra7 19. Rd1 Be6 20. Be2 Rb7 21. Rd6 Bd7 22. Bh5 Nf4 23. Rxh6 Rbb8 24. Nd5 Nxd5 25. exd5 Qb6 26. Qd6 Bf5 27. Qxe5 Bg6 28. Bxg6 fxg6 29. Qe6+ Rf7 30. Rh8+ 1-0

[Event "24th Klatovy B 2016"]
[Site "Klatovy CZE"]
[Date "2016.07.07"]
[Round "6.26"]
[White "Spackova, Martina 1992"]
[Black "Sedlacek, Pavel"]
[Result "1/2-1/2"]
[WhiteElo "1731"]
[BlackElo "1612"]
[PlyCount "84"]
[EventDate "2016.07.02"]
[EventType "swiss"]
[EventRounds "9"]
[EventCountry "CZE"]

1. e4 c5 2. Nf3 d6 3. d4 cxd4 4. Nxd4 Nc6 5. Nc3 g6 6. Nd5 e6 7. Nc3 a6 8. Be3 Bg7 9. Qd2 Nf6 10. Be2 Qc7 11. Ndb5 axb5 12. Nxb5 Qa5 13. Nxd6+ Ke7 14. Qxa5 Rxa5 15. Nc4 Nxe4 16. Nxa5 Nxa5 17. O-O-O Bd7 18. f3 Nd6 19. Bc5 Be5 20. g3 Rc8 21. b4 b6 22. f4 Bxf4+ 23. gxf4 bxc5 24. bxa5 c4 25. Rd4 Bb5 26. a4 Bxa4 27. a6 Ra8 28. Bxc4 Nxc4 29. Rxc4 Rxa6 30. Rc7+ Kf6 31. Rd1 Rb6 32. Ra7 Rb4 33. Rf1 Rc4 34. Rf2 h5 35. Kb2 Kg7 36. c3 Bc6 37. Rc7 Kf6 38. Kb3 Rc5 39. Kb4 Rb5+ 40. Kc4 Be8 41. Rc8 Bd7 42. Rd2 Rb7 1/2-1/2

[Event "24th Klatovy B 2016"]
[Site "Klatovy CZE"]
[Date "2016.07.07"]
[Round "6.27"]
[White "Stanik, Michal"]
[Black "Palla, Ivan"]
[Result "1-0"]
[WhiteElo "1713"]
[BlackElo "1536"]
[PlyCount "59"]
[EventDate "2016.07.02"]
[EventType "swiss"]
[EventRounds "9"]
[EventCountry "CZE"]

1. e4 c5 2. Nf3 Nc6 3. d4 cxd4 4. Nxd4 Nf6 5. Nc3 a6 6. f4 Qb6 7. Nb3 d6 8. Be2 e6 9. g4 h5 10. g5 Ng4 11. Bxg4 hxg4 12. Qxg4 Bd7 13. Qe2 Nb4 14. a3 Nc6 15. Be3 Qd8 16. O-O b5 17. f5 Ne5 18. fxe6 Bxe6 19. Nd5 Rh4 20. Nd2 Ng4 21. Bb6 Qxg5 22. Nf3 Qh5 23. Nxh4 Qxh4 24. Nc7+ Ke7 25. Nxe6 Kxe6 26. Rf4 Rb8 27. Rxg4 Qh5 28. Bd4 Rc8 29. Rg2 Qh6 30. Qg4+ 1-0

[Event "24th Klatovy B 2016"]
[Site "Klatovy CZE"]
[Date "2016.07.07"]
[Round "6.28"]
[White "Rimovsky, Pavel"]
[Black "Severin, Lubos"]
[Result "1/2-1/2"]
[WhiteElo "1593"]
[BlackElo "1694"]
[PlyCount "84"]
[EventDate "2016.07.02"]
[EventType "swiss"]
[EventRounds "9"]
[EventCountry "CZE"]

1. d4 d5 2. g3 Nf6 3. Bg5 Bf5 4. Nf3 Nbd7 5. Bg2 c6 6. O-O e6 7. c3 Bd6 8. Nbd2 h6 9. Bf4 Bxf4 10. gxf4 Ne4 11. Nxe4 Bxe4 12. Ne5 Nxe5 13. Bxe4 Nc4 14. Bd3 Nxb2 15. Qc2 Nxd3 16. Qxd3 Qf6 17. Rab1 b5 18. Qe3 g5 19. Qe5 Qxe5 20. fxe5 Ke7 21. a4 a6 22. a5 f5 23. h3 h5 24. f3 Rag8 25. Kf2 g4 26. h4 Rg7 27. Rg1 f4 28. Rg2 Rc8 29. fxg4 hxg4 30. Rbg1 g3+ 31. Kf3 Rf8 32. e3 Rh7 33. Rh1 fxe3+ 34. Kxe3 Rg7 35. Rhg1 Rg4 36. Rxg3 Rxh4 37. R3g2 Rhf4 38. Rg7+ R8f7 39. Rxf7+ Rxf7 40. Rg8 Rf8 41. Rg7+ Rf7 42. Rg8 Rf8 1/2-1/2

[Event "24th Klatovy B 2016"]
[Site "Klatovy CZE"]
[Date "2016.07.07"]
[Round "6.30"]
[White "Maly, Jiri"]
[Black "Bauer, Jan 2005"]
[Result "1/2-1/2"]
[WhiteElo "1657"]
[BlackElo "1296"]
[PlyCount "118"]
[EventDate "2016.07.02"]
[EventType "swiss"]
[EventRounds "9"]
[EventCountry "CZE"]

1. e4 e5 2. Nf3 Nc6 3. Bb5 a6 4. Ba4 Nf6 5. d3 b5 6. Bb3 Be7 7. Bg5 O-O 8. h3 d6 9. c3 Bb7 10. O-O Na5 11. Bc2 c5 12. Nbd2 Nd7 13. Bxe7 Qxe7 14. b4 Nc6 15. a3 a5 16. bxa5 Nxa5 17. Re1 f5 18. Bb3+ Nxb3 19. Qxb3+ Kh8 20. c4 bxc4 21. Qxc4 fxe4 22. dxe4 Ba6 23. Qc2 Rfb8 24. Nc4 Bxc4 25. Qxc4 Rb2 26. Re2 Rab8 27. Rxb2 Rxb2 28. Qc3 Rb6 29. Nd2 Nf6 30. f3 d5 31. Qa5 Rb8 32. exd5 Nxd5 33. Ne4 Rc8 34. Qa6 Qd8 35. Rc1 Nf4 36. Qc4 Qd4+ 37. Qxd4 exd4 38. Rxc5 Rxc5 39. Nxc5 d3 40. Ne4 Kg8 41. Kf2 Kf7 42. Ke3 Nxg2+ 43. Kxd3 Nf4+ 44. Kc4 Nxh3 45. a4 Ke7 46. Kc5 Kd8 47. Kb6 Nf4 48. Kb7 Nd5 49. a5 Nc7 50. a6 Nxa6 51. Kxa6 Ke7 52. Kb5 Ke6 53. Kc4 Kf5 54. Kd3 g5 55. Ke3 h5 56. Ng3+ Kg6 57. Kf2 h4 58. Ne2 Kf5 59. Kg2 Ke5 1/2-1/2

[Event "24th Klatovy B 2016"]
[Site "Klatovy CZE"]
[Date "2016.07.07"]
[Round "6.31"]
[White "Kudrna, Miroslav"]
[Black "Svec, Ludek"]
[Result "1-0"]
[WhiteElo "1580"]
[BlackElo "1654"]
[PlyCount "87"]
[EventDate "2016.07.02"]
[EventType "swiss"]
[EventRounds "9"]
[EventCountry "CZE"]

1. e4 c5 2. Nf3 e6 3. d4 cxd4 4. Nxd4 Nf6 5. Nc3 Nc6 6. Be3 Bb4 7. Bd3 d5 8. Nxc6 bxc6 9. Bd2 Qc7 10. O-O O-O 11. Re1 e5 12. a3 Bc5 13. Na4 Bd6 14. c3 Be6 15. Qc2 h6 16. b4 dxe4 17. Bxe4 Nxe4 18. Qxe4 f5 19. Qc2 e4 20. h3 Be5 21. Nc5 Bc4 22. Rad1 Rae8 23. Be3 Rd8 24. Qc1 Rxd1 25. Rxd1 Rd8 26. Rxd8+ Qxd8 27. Qd2 Qxd2 28. Bxd2 h5 29. Nd7 Bc7 30. Be3 a6 31. Bb6 Bf4 32. Be3 Bxe3 33. fxe3 Be6 34. Nb8 Bd5 35. Kf2 h4 36. Nxa6 g5 37. Nc5 Kf7 38. a4 f4 39. a5 Bc4 40. a6 Bxa6 41. Nxa6 Ke6 42. Nc5+ Kd5 43. Ke2 Ke5 44. c4 1-0

[Event "24th Klatovy B 2016"]
[Site "Klatovy CZE"]
[Date "2016.07.07"]
[Round "6.32"]
[White "Rosenbaumova, Lea"]
[Black "Novy, Jan"]
[Result "1-0"]
[WhiteElo "1351"]
[BlackElo "1606"]
[PlyCount "65"]
[EventDate "2016.07.02"]
[EventType "swiss"]
[EventRounds "9"]
[EventCountry "CZE"]

1. e4 d5 2. exd5 Nf6 3. Bb5+ Bd7 4. Be2 Nxd5 5. d4 e6 6. Nf3 Be7 7. O-O O-O 8. c4 Nf6 9. Nc3 c6 10. Re1 Na6 11. Bf1 Bd6 12. h3 Rc8 13. Be3 Be7 14. a3 b6 15. d5 cxd5 16. cxd5 Bd6 17. Bxa6 e5 18. Bxc8 Qxc8 19. Bg5 Ne8 20. Nxe5 Bxh3 21. gxh3 Qxh3 22. Qg4 Qxg4+ 23. Nxg4 h5 24. Nh2 f6 25. Bd2 g5 26. Re6 Be5 27. Nf3 Nc7 28. Rc6 Rf7 29. Nxe5 fxe5 30. Re1 Rg7 31. Rxe5 g4 32. Rxh5 Na6 33. Rg5 1-0

[Event "24th Klatovy B 2016"]
[Site "Klatovy CZE"]
[Date "2016.07.07"]
[Round "6.33"]
[White "Chmelik, Ladislav"]
[Black "Flajsman, Zdenek"]
[Result "1-0"]
[WhiteElo "1762"]
[BlackElo "1457"]
[PlyCount "120"]
[EventDate "2016.07.02"]
[EventType "swiss"]
[EventRounds "9"]
[EventCountry "CZE"]

1. e4 e5 2. Nf3 d6 3. d4 Nd7 4. dxe5 dxe5 5. Bc4 Be7 6. Qd5 Bb4+ 7. c3 Qe7 8. cxb4 Ngf6 9. Qd3 Qxb4+ 10. Bd2 Qb6 11. Nc3 c6 12. h3 O-O 13. Qc2 Qc7 14. O-O b5 15. Bd3 a6 16. a3 Bb7 17. Bg5 h6 18. Bxf6 Nxf6 19. b4 Nh5 20. g3 Bc8 21. Kg2 Rd8 22. Rh1 Be6 23. Be2 Nf6 24. Rad1 Rdc8 25. Nb1 a5 26. Qc5 Nxe4 27. Qxe5 Qxe5 28. Nxe5 Bd5 29. Bf3 f5 30. Nd7 Ra6 31. Nc5 Ra7 32. Nd2 Nc3 33. Bxd5+ Nxd5 34. Nd3 axb4 35. axb4 Ra2 36. Kf3 Rc2 37. Nb3 Rc3 38. Nbc5 Nxb4 39. Kf4 g6 40. Nxb4 Rxc5 41. Rc1 Rxc1 42. Rxc1 Kf7 43. Nxc6 Kf6 44. Rc2 g5+ 45. Ke3 Rc7 46. Kd4 h5 47. Kd5 Rb7 48. Rb2 f4 49. g4 hxg4 50. hxg4 Rh7 51. f3 Rg7 52. Rxb5 Rg8 53. Kd4 Rg7 54. Rf5+ Kg6 55. Ne5+ Kh6 56. Rf6+ Kh7 57. Rf7 Rxf7 58. Nxf7 Kg6 59. Nd6 Kh6 60. Ke5 Kg6 1-0

[Event "24th Klatovy B 2016"]
[Site "Klatovy CZE"]
[Date "2016.07.07"]
[Round "6.34"]
[White "Stvan, Marek"]
[Black "Ret, Adam Josef"]
[Result "1-0"]
[WhiteElo "1679"]
[BlackElo "1427"]
[PlyCount "201"]
[EventDate "2016.07.02"]
[EventType "swiss"]
[EventRounds "9"]
[EventCountry "CZE"]

1. e4 e6 2. d3 d5 3. Nd2 b6 4. g3 Bb7 5. Bg2 Bd6 6. Ngf3 Ne7 7. O-O O-O 8. e5 Bc5 9. d4 Ba6 10. Re1 Bb4 11. c3 Ba5 12. b4 Bxb4 13. cxb4 Nbc6 14. a3 Nf5 15. Bb2 f6 16. Bf1 Bxf1 17. Nxf1 Qe7 18. Rc1 Nd8 19. Ne3 fxe5 20. Nxf5 Rxf5 21. Nxe5 Rc8 22. b5 Qf6 23. Qe2 h5 24. Nc6 Kh7 25. Nxa7 Ra8 26. Nc6 Nf7 27. Qxe6 Qg5 28. Qe3 Qf6 29. Qe7 Qh6 30. Rc2 Ng5 31. Kg2 h4 32. Bc1 h3+ 33. Kf1 Qh5 34. f4 Ne4 35. Qh4 Qxh4 36. gxh4 Rh5 37. Ne5 Rxh4 38. Kg1 Nd6 39. Rxc7 Nxb5 40. Rd7 Nxd4 41. Rxd5 Nc2 42. Re2 Nxa3 43. Rb2 Rc8 44. Bd2 Nc4 45. Nxc4 Rxc4 46. Kf2 Rc5 47. Rxc5 bxc5 48. Kg3 Rh5 49. Rc2 Kg8 50. Be3 Kf7 51. Rxc5 Rh6 52. Rc7+ Kg8 53. Rc5 Re6 54. Re5 Rh6 55. Kg4 g6 56. Re7 Rh5 57. f5 Rxf5 58. Kxh3 Kf8 59. Re4 Kg7 60. Kg4 Rh5 61. Bf4 Rf5 62. Re5 Rf6 63. Kg5 Rb6 64. Rc5 Ra6 65. Rd5 Rc6 66. Be5+ Kf7 67. Rd7+ Ke8 68. Rd6 Rc5 69. Kf6 Rc2 70. Kxg6 Ke7 71. Rb6 Rg2+ 72. Bg3 Rd2 73. Rf6 Kd7 74. h4 Rg2 75. Rf3 Re2 76. h5 Re6+ 77. Kg7 Rc6 78. h6 Rc5 79. Rf6 Rg5+ 80. Rg6 Rf5 81. Be1 Ke7 82. Bh4+ Ke8 83. Re6+ Kd7 84. Re7+ Kd6 85. h7 Rf1 86. h8=Q Rg1+ 87. Kf8 Rf1+ 88. Rf7 Rxf7+ 89. Kxf7 Kd5 90. Qh5+ Kd6 91. Qe2 Kd5 92. Kf6 Kd4 93. Kf5 Kd5 94. Qd3+ Kc6 95. Qd4 Kc7 96. Ke6 Kc8 97. Ke7 Kc7 98. Qc5+ Kb7 99. Kd7 Ka6 100. Qb4 Ka7 101. Kc6 1-0

[Event "24th Klatovy B 2016"]
[Site "Klatovy CZE"]
[Date "2016.07.07"]
[Round "6.35"]
[White "Sedlak, Jakub"]
[Black "Vasko, Pavel"]
[Result "1-0"]
[WhiteElo "1457"]
[BlackElo "1619"]
[PlyCount "77"]
[EventDate "2016.07.02"]
[EventType "swiss"]
[EventRounds "9"]
[EventCountry "CZE"]

1. e4 e5 2. Nf3 Nf6 3. Nxe5 d6 4. Nf3 Nxe4 5. Nc3 Nxc3 6. dxc3 Be7 7. Be3 Bf6 8. Bd3 O-O 9. O-O Re8 10. Nd4 Nd7 11. Re1 Nf8 12. Qf3 c6 13. Bd2 Be6 14. Bf5 Qd7 15. Nxe6 fxe6 16. Bd3 Qf7 17. Qg4 Re7 18. Re3 Rae8 19. Rf3 e5 20. Bg5 Re6 21. Bf5 Kh8 22. Bxe6 Rxe6 23. Bxf6 gxf6 24. Qf5 Ng6 25. g3 Ne7 26. Qd3 f5 27. Re3 Nd5 28. Ree1 f4 29. c4 Ne7 30. b3 Rf6 31. Re4 Qg6 32. Rae1 Qg4 33. Kh1 Rg6 34. Qe2 Qg5 35. Qf3 fxg3 36. fxg3 Nf5 37. Rf1 Rf6 38. Kg1 Kg7 39. Rg4 1-0

[Event "24th Klatovy B 2016"]
[Site "Klatovy CZE"]
[Date "2016.07.07"]
[Round "6.36"]
[White "Krisman, Ondrej"]
[Black "Vavrinkova, Marie"]
[Result "1-0"]
[WhiteElo "1608"]
[BlackElo "1259"]
[PlyCount "57"]
[EventDate "2016.07.02"]
[EventType "swiss"]
[EventRounds "9"]
[EventCountry "CZE"]

1. e4 e5 2. Nf3 Nc6 3. Bb5 Nf6 4. O-O Bc5 5. c3 O-O 6. d4 exd4 7. cxd4 Be7 8. Nc3 b6 9. e5 Ne8 10. Qa4 Bb7 11. d5 a6 12. Bd3 Nb4 13. Be4 a5 14. d6 Ba6 15. dxe7 Qxe7 16. Bxa8 Bxf1 17. Kxf1 c6 18. a3 Nd3 19. Qd1 Nxe5 20. Nxe5 Qxe5 21. Kg1 Nc7 22. Bb7 Re8 23. Be3 Rb8 24. Bd4 Qe7 25. Bxc6 dxc6 26. Qd2 Rd8 27. Qe3 Qxe3 28. Bxe3 Rb8 29. Bf4 1-0